Building information modelling report (Record no. 114362)

MARC details
000 -LEADER
fixed length control field 01335cad a22002655a 4500
001 - CONTROL NUMBER
control field L156686
008 - FIXED-LENGTH DATA ELEMENTS--GENERAL INFORMATION
fixed length control field 120625s2011 xxk f 000 0 eng d
035 ## - SYSTEM CONTROL NUMBER
System control number (Sirsi) u156686
041 0# - LANGUAGE CODE
Language code of text/sound track or separate title eng
110 2# - MAIN ENTRY--CORPORATE NAME
Corporate name or jurisdiction name as entry element National Buildings Specification
9 (RLIN) 5911
240 ## - UNIFORM TITLE
Uniform title BIM Survey
240 ## - UNIFORM TITLE
Uniform title NBS BIM report
245 00 - TITLE STATEMENT
Title Building information modelling report
Remainder of title March 2011
Medium [electronic resource]
260 ## - PUBLICATION, DISTRIBUTION, ETC.
Place of publication, distribution, etc. [S.l.]
Name of publisher, distributor, etc. RIBA Enterprises Ltd
Date of publication, distribution, etc. 2011
505 2# - FORMATTED CONTENTS NOTE
Formatted contents note Putting the 'I' into BIM -- The rapid acceleration of BIM -- BIM survey: summary of findings -- BIM - the long view from architectural and design practice -- BIM - measurement and costing -- BIM and education
520 ## - SUMMARY, ETC.
Summary, etc. The first 'NBS BIM report' in what will be a series of reports on the adoption of 'BIM' or Building Information Modelling. The reports track changes in attitudes towards BIM as well as implementation within the industry, and provide a reference point for the industry to share success and to highlight areas of developmental need.
590 ## - LOCAL NOTE (RLIN)
Local note KA
650 24 - SUBJECT ADDED ENTRY--TOPICAL TERM
Topical term or geographic name entry element BUILDING INFORMATION MODELLING
650 24 - SUBJECT ADDED ENTRY--TOPICAL TERM
Topical term or geographic name entry element BIM
9 (RLIN) 6219
651 #4 - SUBJECT ADDED ENTRY--GEOGRAPHIC NAME
Geographic name United Kingdom
Chronological subdivision
690 ## - LOCAL SUBJECT ADDED ENTRY--TOPICAL TERM (OCLC, RLIN)
Topical term or geographic name as entry element BIM
9 (RLIN) 6219
710 1# - ADDED ENTRY--CORPORATE NAME
Corporate name or jurisdiction name as entry element RIBA Enterprises Ltd
856 40 - ELECTRONIC LOCATION AND ACCESS
Uniform Resource Identifier <a href="https://www.thenbs.com/pdfs/bimResearchReport_2011-03.pdf">https://www.thenbs.com/pdfs/bimResearchReport_2011-03.pdf</a>
Public note View the item free of charge at www.thenbs.com
942 ## - ADDED ENTRY ELEMENTS (KOHA)
Suppress in OPAC 0
Holdings
Withdrawn status Lost status Source of classification or shelving scheme Damaged status Not for loan Home library Current library Shelving location Date acquired Total Checkouts Full call number Barcode Date last seen Copy number Price effective from Koha item type
    Dewey Decimal Classification     Virtual Virtual Online 25/06/2012   ONLINE PUBLICATION 156686-2001 06/08/2019 1 06/08/2019 Book